Školní signálový mikropočítač /
Salvato in:
| Autore principale: | |
|---|---|
| Ente Autore: | |
| Altri autori: | |
| Natura: | Manoscritto Libro |
| Lingua: | slovacco ceco |
| Pubblicazione: |
Bratislava :
Slovenská vysoká škola technická
1987,
|
| Tags: |
Nessun Tag, puoi essere il primo ad aggiungerne!!
|
MARC
| LEADER | 00000ntm a22000003a 4500 | ||
|---|---|---|---|
| 001 | 0065154 | ||
| 003 | SK-STU | ||
| 005 | 20180521155002.8 | ||
| 007 | ta | ||
| 008 | 180521s2018----xo-----f-mn---000-0-slo-d | ||
| 040 | |a STU |b slo | ||
| 041 | 0 | |a cze | |
| 044 | |a xo |c SK | ||
| 100 | 1 | |a Šály, Martin |4 aut | |
| 245 | 1 | 0 | |a Školní signálový mikropočítač / |c aut. Martin Šály ; škol. Pavel Čičák |
| 260 | |c 1987, |a Bratislava : |b Slovenská vysoká škola technická | ||
| 300 | |a 70 s. | ||
| 700 | 1 | |a Čičák, Pavel, |d 1955- |u 070100 |r Z1 |4 ths |U FIIT Fakulta informatiky a informačných technológií |T FIIT Ústav počítačových systémov a sietí |X 1926 |U I100 |Y 178 |7 1926 | |
| 710 | 2 | |a Slovenská vysoká škola technická v Bratislave, |b Elektrotechnická fakulta : |b Katedra počítačov | |
| 996 | |c I*DP67/87 |l II680 |s P |a 0 |w 0065154_0001 | ||